Семантико-функціональні особливості висловлювлювань, що передають подяку в англійській мові (Запис № 281866)
[ простий вигляд ]
| 000 -LEADER | |
|---|---|
| fixed length control field | 01793nam a22001577a 4500 |
| 041 ## - LANGUAGE CODE | |
| Language code of text/sound track or separate title | ukr |
| 080 ## - UNIVERSAL DECIMAL CLASSIFICATION NUMBER | |
| Universal Decimal Classification number | 09 |
| 090 ## - LOCALLY ASSIGNED LC-TYPE CALL NUMBER (OCLC); LOCAL CALL NUMBER (OCLC) | |
| Local cutter number (OCLC) ; Book number/undivided call number, CALL (RLIN) | ТИШ |
| 100 ## - MAIN ENTRY--PERSONAL NAME | |
| Personal name | Тишко О. В. |
| 245 ## - TITLE STATEMENT | |
| Title | Семантико-функціональні особливості висловлювлювань, що передають подяку в англійській мові |
| 260 ## - PUBLICATION, DISTRIBUTION, ETC. (IMPRINT) | |
| Place of publication, distribution, etc | Острог |
| Name of publisher, distributor, etc | КАФ |
| Date of publication, distribution, etc | 2003 |
| 300 ## - PHYSICAL DESCRIPTION | |
| Extent | 74 |
| 520 ## - SUMMARY, ETC. | |
| Summary, etc | Розділ 1. Комунікативні особливості етикетних висловлювань<br/>1.1 Компоненти культури іншомовного спілкування<br/>1.2 Мовленнєвий етикет у сучасному мовленні<br/>1.3 Характеристики мовленнєвого етикету у системі сучасної англійської мови<br/>Розділ 2. Діалогічна єдність "Подяка і реакція на неї" як комунікативна одиниця англійського діалогічного мовлення<br/>2.1 Загальні риси англійського висловлювання подяки<br/>2.2 Структурно-семантичний аналіз однокомпонентних багатокомпонентних реплік-подяк<br/>2.3 Функціональна спрямованість, прагматичні, лінгвістичні та стилістичні особливості англійського висловлювання подяки<br/>2.4 Структурно-семантичний аналіз репліки-реакції в досліджуваній діалогічній єдності |
| -- | стилістика, комунікація, подяка |
| 650 ## - SUBJECT ADDED ENTRY--TOPICAL TERM | |
| Topical term or geographic name as entry element | Research Papers |
| 942 ## - ADDED ENTRY ELEMENTS (KOHA) | |
| Koha item type | Книги |
| Withdrawn status | Lost status | Source of classification or shelving scheme | Damaged status | Not for loan | Home library | Current library | Date acquired | Source of acquisition | Coded location qualifier | Cost, normal purchase price | Total Checkouts | Full call number | Barcode | Date last seen | Price effective from | Koha item type |
|---|---|---|---|---|---|---|---|---|---|---|---|---|---|---|---|---|
| Universal Decimal Classification | ВІЛ - Відділ іноземн. літератури НБ | ВІЛ - Відділ іноземн. літератури НБ | 08/08/2005 | Акт 03\01 | В21 | 1.00 | 09 | 208796 | 20/12/2021 | 01/09/2003 | Книги |